LDR 00698nam a2200193 i 4500 001 000000104054 003 CaOOAMICUS 005 20260409125304.0 008 011026s1979 it u000 u mul u 020 $a88-203-0225-X 040 $aSeMil$bita 245 10$aParte italiana-spagnola. 300 $aXV, 839 p. 773 0 $aCarbonell, Sebastián$tDizionario fraseologico completo.$dMilano : Hoepli, 1979.$w()3442 850 $aSeMil 852 $aSeMil$W1$xVenegono$y1$mSL1.A IV 16/1$j269963$B60499$CSeMilBibl$Z2$F44962 $8I 996 $6020$a88-203-0225-X$9(OLS)http://semarc/number/83991 996 $6245$aParte italiana-spagnola$9(OLS)http://semarc/title/150964